| 000 | 00554nam a2200193 a 4500 | ||
|---|---|---|---|
| 001 | 2757 | ||
| 003 | CDMR | ||
| 005 | 20131029100521.0 | ||
| 008 | 130130s1933||||||||||||||||||||||||||||d | ||
| 040 |
_aCDMR _bcat _cCDMR |
||
| 100 | 1 |
_aGivanel i Mas, Joan _9241 |
|
| 245 | 1 | 0 | _aMaterials per a la bibliografia de la prensa barcelonesa (1881-1890) |
| 260 |
_aBarcelona _c1933 _bAltés |
||
| 300 | _a115 p. | ||
| 490 | 0 |
_aPublicacions de "La Revista" _v113 |
|
| 650 | 0 | 4 |
_91509 _aPremsa _zBarcelona |
| 650 | 0 | 4 |
_93717 _aPremsa comarcal _zCatalunya |
| 942 |
_cMON _2udc |
||
| 999 |
_c2757 _d2757 |
||